Top20 artisti italiani su spotify (settembre 2022) - Statistics

Statistiche generali
  • Questo quiz è stato fatto 310 volte
  • Il punteggio medio è 6 su 20
Statistiche sulle risposte
Numero di ascoltatori Artista % Corretto
6.866.644 Sfera Ebbasta
89%
5.168.862 Lazza
63%
3.252.930 Fedez
60%
20.160.051 Måneskin
49%
4.022.477 Blanco
45%
3.998.786 Capo Plaza
35%
4.325.602 thasup
35%
3.608.389 Salmo
34%
6.760.312 Laura Pausini
32%
3.998.786 Tiziano Ferro
30%
4.350.715 Rkomi
29%
3.156.175 Tananai
23%
3.653.824 Pinguini tattici nucleari
22%
3.510.782 Irama
20%
3.584.281 Sangiovanni
18%
5.865.533 Eros Ramazzotti
16%
3.157.941 Rhove
12%
4.742.411 Andrea Bocelli
9%
4.591.868 Rocco Hunt
9%
3.202.164 Fred de Palma
7%
Nessun quiz corrispondente trovato
Distribuzione punteggi
Percentuale di utenti per punteggio
Percentile per numero di risposta
I tuoi punteggi nel tempo
Non hai fatto questo quiz